[Event "Mittelfrank Regionalliga Sud-West 2223"]
[Site "Mittelfranken"]
[Date "2023.02.05"]
[Round "6.1"]
[White "Schindler, Sven"]
[Black "Nuber, Korbinian"]
[Result "1/2-1/2"]
[WhiteElo "2174"]
[BlackElo "2231"]
[PlyCount "30"]
[EventDate "2022.10.09"]
[EventType "team-tourn"]
[EventRounds "9"]
[EventCountry "GER"]
[SourceTitle "EXT 2024"]
[Source "ChessBase"]
[SourceDate "2023.10.10"]
[SourceVersion "1"]
[SourceVersionDate "2023.10.10"]
[SourceQuality "1"]
[WhiteTeam "Garching III"]
[BlackTeam "Dillingen"]
[WhiteTeamCountry "GER"]
[BlackTeamCountry "GER"]

1. c4 e5 2. Nc3 Nc6 3. g3 g6 4. Bg2 Bg7 5. e4 d6 6. Nge2 Nf6 7. 0-0 0-0 8. d3 a5 9. h3 Nd7 10. Be3 Nc5 11. d4 exd4 12. Nxd4 Be6 13. b3 Qd7 14. Kh2 Rad8 15. f4 Rfe8 1/2-1/2

[Event "Mittelfrank Regionalliga Sud-West 2223"]
[Site "Mittelfranken"]
[Date "2022.12.11"]
[Round "4.3"]
[White "Schindler, Sven"]
[Black "Sontheim, Robert Christian"]
[Result "1/2-1/2"]
[WhiteElo "2174"]
[BlackElo "2003"]
[PlyCount "119"]
[EventDate "2022.10.09"]
[EventType "team-tourn"]
[EventRounds "9"]
[EventCountry "GER"]
[SourceTitle "EXT 2024"]
[Source "ChessBase"]
[SourceDate "2023.10.10"]
[SourceVersion "1"]
[SourceVersionDate "2023.10.10"]
[SourceQuality "1"]
[WhiteTeam "Garching III"]
[BlackTeam "Kempten"]
[WhiteTeamCountry "GER"]
[BlackTeamCountry "GER"]

1. c4 e5 2. Nc3 Nf6 3. g3 Bc5 4. Bg2 0-0 5. e3 Re8 6. Nge2 c6 7. 0-0 a5 8. d4 exd4 9. Nxd4 Na6 10. a3 Nc7 11. e4 Bf8 12. Re1 d5 13. cxd5 cxd5 14. Bf4 dxe4 15. Nxe4 Nxe4 16. Bxe4 Nd5 17. Bxh7+ Kxh7 18. Rxe8 Qxe8 19. Qh5+ Kg8 20. Qxd5 Bd7 21. Qe5 Qxe5 22. Bxe5 Bc5 23. Nb3 Bb6 24. Bd4 a4 25. Bxb6 axb3 26. Rc1 Ra6 27. Be3 Rc6 28. Rxc6 Bxc6 29. Kf1 Kf8 30. Ke2 Ke8 31. Kd3 Bd5 32. Kd4 Be6 33. Kc5 Kd7 34. Bd4 g6 35. Bc3 Bg4 36. Kc4 Be6+ 37. Kd4 f6 38. Ke4 Ke7 39. h4 Bf5+ 40. Kf4 Ke6 41. g4 Bc2 42. Ke3 f5 43. h5 gxh5 44. gxh5 Kf7 45. Kf4 Kg8 46. Kg5 Kh7 47. Bd2 Be4 48. Bf4 Bd3 49. Kf6 Be4 50. Bg5 Bd3 51. Ke5 Be4 52. Kd4 Bf3 53. h6 Kg6 54. Kc4 Bd1 55. Kc3 Bc2 56. Bf4 Bd1 57. Kc4 Bc2 58. f3 Bd1 59. Bg5 Kh7 60. Bd2 1/2-1/2

[Event "Oberliga Bayern 2122"]
[Site "Bayern"]
[Date "2022.05.08"]
[Round "8.8"]
[White "Schindler, Sven"]
[Black "Lohvinov, Petro"]
[Result "0-1"]
[WhiteElo "2148"]
[BlackElo "2209"]
[PlyCount "58"]
[EventDate "2021.10.24"]
[EventType "team-tourn"]
[EventRounds "9"]
[EventCountry "GER"]
[SourceTitle "EXT 2024"]
[Source "ChessBase"]
[SourceDate "2023.10.10"]
[SourceVersion "1"]
[SourceVersionDate "2023.10.10"]
[SourceQuality "1"]
[WhiteTeam "Garching"]
[BlackTeam "Muenchen Suedost"]
[WhiteTeamCountry "GER"]
[BlackTeamCountry "GER"]

1. c4 Nf6 2. Nc3 g6 3. g3 Bg7 4. Nf3 0-0 5. Bg2 d6 6. d4 Nbd7 7. 0-0 e5 8. e4 exd4 9. Nxd4 Re8 10. h3 a6 11. Be3 Rb8 12. Re1 Ne5 13. b3 c5 14. Nc2 b5 15. f4 Ned7 16. Qxd6 Nh5 17. e5 Nxg3 18. Ne4 Nxe4 19. Bxe4 Qh4 20. Bg2 bxc4 21. bxc4 Rb2 22. Qd2 Nxe5 23. fxe5 Bf5 24. Rac1 Bxc2 25. Re2 Rxe5 26. Bf2 Rxe2 27. Qxe2 Bd4 28. Rxc2 Qxf2+ 29. Qxf2 Rxc2 0-1

[Event "Mittelfranken Landesliga Sued 2122"]
[Site "Mittelfranken"]
[Date "2022.04.03"]
[Round "7.6"]
[White "Braun, Thomas1111"]
[Black "Schindler, Sven"]
[Result "1/2-1/2"]
[WhiteElo "2057"]
[BlackElo "2148"]
[PlyCount "39"]
[EventDate "2021.10.24"]
[EventType "team-tourn"]
[EventRounds "9"]
[EventCountry "GER"]
[SourceTitle "EXT 2024"]
[Source "ChessBase"]
[SourceDate "2023.10.10"]
[SourceVersion "1"]
[SourceVersionDate "2023.10.10"]
[SourceQuality "1"]
[WhiteTeam "Bayern Muenchen III"]
[BlackTeam "Garching II"]
[WhiteTeamCountry "GER"]
[BlackTeamCountry "GER"]

1. d4 e6 2. c4 Nf6 3. Nf3 d5 4. Nc3 Be7 5. Bg5 0-0 6. e3 h6 7. Bh4 b6 8. Rc1 Bb7 9. Bd3 c5 10. cxd5 cxd4 11. Nxd4 Nxd5 12. Bxe7 Qxe7 13. 0-0 Rd8 14. Qe2 Nb4 15. Bc4 N8c6 16. Nxc6 Nxc6 17. Rfd1 Rac8 18. Ba6 Rxd1+ 19. Rxd1 Rd8 20. Rxd8+ 1/2-1/2

[Event "Regionalliga Sued-West 1819"]
[Site "Bayern"]
[Date "2018.12.16"]
[Round "4.1"]
[White "King, Alexander"]
[Black "Schindler, Sven"]
[Result "1/2-1/2"]
[WhiteElo "2059"]
[BlackElo "2165"]
[PlyCount "52"]
[EventDate "2018.10.21"]
[EventType "team-tourn"]
[EventRounds "9"]
[EventCountry "GER"]
[SourceTitle "EXT 2022"]
[Source "ChessBase"]
[SourceDate "2021.10.06"]
[SourceVersion "1"]
[SourceVersionDate "2021.10.06"]
[SourceQuality "1"]
[WhiteTeam "Klosterlechfeld"]
[BlackTeam "Garching III"]
[WhiteTeamCountry "GER"]
[BlackTeamCountry "GER"]

1. Nf3 d5 2. e3 Nf6 3. c4 e6 4. b3 c5 5. Bb2 Nc6 6. cxd5 exd5 7. Be2 Bd6 8. 0-0 0-0 9. d4 cxd4 10. Nxd4 Bc7 11. Bf3 Ne5 12. Nb5 Bb8 13. Nd2 Bf5 14. Be2 a6 15. Nd4 Bg4 16. Bxg4 Nexg4 17. N2f3 Qd6 18. Nf5 Qd7 19. Qd3 Re8 20. h3 Ne5 21. Nxe5 Bxe5 22. Bxe5 Rxe5 23. Ng3 Rc8 24. Rac1 Ree8 25. Rfd1 Rxc1 26. Rxc1 Rc8 1/2-1/2

[Event "Regionalliga SW 1617"]
[Site "Bayern"]
[Date "2017.02.05"]
[Round "5.3"]
[White "Boehm, Uwe"]
[Black "Schindler, Sven"]
[Result "1/2-1/2"]
[WhiteElo "1956"]
[BlackElo "2150"]
[PlyCount "42"]
[EventDate "2016.10.16"]
[EventType "team-tourn"]
[EventRounds "9"]
[EventCountry "GER"]
[SourceTitle "EXT 2019"]
[Source "ChessBase"]
[SourceDate "2018.10.10"]
[SourceVersion "1"]
[SourceVersionDate "2018.10.10"]
[SourceQuality "1"]
[WhiteTeam "Muenchen 36 II"]
[BlackTeam "Garching III"]
[WhiteTeamCountry "GER"]
[BlackTeamCountry "GER"]

1. d4 e6 2. Bf4 Nf6 3. e3 b6 4. Nf3 Be7 5. h3 0-0 6. c4 Bb7 7. Nc3 d5 8. cxd5 Nxd5 9. Nxd5 Bxd5 10. Bd3 c5 11. dxc5 Bxc5 12. 0-0 Nd7 13. Qe2 Qf6 14. Ng5 g6 15. Ne4 Qe7 16. Nc3 Bb7 17. Rfd1 Rfd8 18. Bc7 Rdc8 19. Bg3 Rd8 20. Bc7 Rdc8 21. Bg3 Rd8 1/2-1/2

[Event "Regionalliga SW 1516"]
[Site "Bayern"]
[Date "2015.10.11"]
[Round "1.5"]
[White "Schindler, Sven"]
[Black "Lux, Werner"]
[Result "1/2-1/2"]
[WhiteElo "2150"]
[BlackElo "1996"]
[PlyCount "48"]
[EventDate "2015.10.11"]
[EventType "team-tourn"]
[EventRounds "9"]
[EventCountry "GER"]
[SourceTitle "EXT 2018"]
[Source "ChessBase"]
[SourceDate "2017.10.13"]
[SourceVersion "1"]
[SourceVersionDate "2017.10.13"]
[SourceQuality "1"]
[WhiteTeam "Garching III"]
[BlackTeam "Tuerkheim/Bad Woerishofen"]
[WhiteTeamCountry "GER"]
[BlackTeamCountry "GER"]

1. c4 Nf6 2. Nc3 g6 3. g3 Bg7 4. Nf3 0-0 5. Bg2 d6 6. d4 c6 7. 0-0 Qc7 8. h3 e5 9. e4 Bd7 10. Be3 Na6 11. Qd2 Rad8 12. Bg5 Rde8 13. Rfe1 Bc8 14. Rad1 Nd7 15. a3 Nb6 16. b3 f6 17. Bh6 g5 18. Bxg7 Kxg7 19. d5 c5 20. Nb5 Qb8 21. Nh2 Bd7 22. f4 h6 23. Nc3 Qd8 24. f5 Re7 1/2-1/2

[Event "BI-2012-P-00007"]
[Site "LSS email"]
[Date "2012.04.20"]
[Round "?"]
[White "De Waele, Willy"]
[Black "Schindler, Sven"]
[Result "1/2-1/2"]
[WhiteElo "1990"]
[BlackElo "2319"]
[PlyCount "76"]
[EventDate "2012.04.22"]
[EventType "tourn (corr)"]
[EventRounds "10"]
[EventCountry "GER"]
[SourceTitle "Telechess CBM 159"]
[Source "ChessBase"]
[SourceDate "2014.03.17"]
[SourceVersion "1"]
[SourceVersionDate "2014.03.17"]
[SourceQuality "1"]

1. e4 e6 2. d4 d5 3. Nc3 Nf6 4. Bg5 Bb4 5. e5 h6 6. exf6 hxg5 7. fxg7 Rg8 8. h4 Nc6 9. h5 Rxg7 10. Bb5 Bd7 11. Qd3 Qf6 12. 0-0-0 0-0-0 13. g4 Qf4+ 14. Kb1 Qxg4 15. Nge2 a6 16. h6 Rg6 17. Bxa6 Ne7 18. Bb5 Rh8 19. h7 Rg7 20. Rhg1 Qf5 21. Bxd7+ Kxd7 22. Qb5+ Nc6 23. Qxb7 Rgxh7 24. Nb5 Ba5 25. Na7 Nxa7 26. Qxa7 Bb6 27. Qa4+ c6 28. Nc1 Qxf2 29. Rgf1 Qh4 30. c3 g4 31. Nd3 f6 32. Qb3 Kc7 33. Nb4 Kd7 34. Na6 Ba7 35. Qb7+ Kd6 36. Qb4+ Kd7 37. Qa4 Bb6 38. Qb3 Ba7 1/2-1/2

[Event "GER-chT9 KI-32 Br03 email"]
[Site "GER email"]
[Date "2011.10.17"]
[Round "?"]
[White "Littke, Helmut"]
[Black "Schindler, Sven"]
[Result "1/2-1/2"]
[WhiteElo "2053"]
[BlackElo "1981"]
[PlyCount "83"]
[EventDate "2011.10.23"]
[EventType "tourn (corr)"]
[EventRounds "6"]
[EventCountry "GER"]
[SourceTitle "Corr 2015"]
[Source "ChessBase"]
[SourceDate "2015.07.17"]
[SourceVersion "1"]
[SourceVersionDate "2015.07.17"]
[SourceQuality "1"]

1. c4 e5 2. Nc3 Nf6 3. g3 d5 4. cxd5 Nxd5 5. Bg2 Nb6 6. Nf3 Nc6 7. 0-0 Be7 8. d3 0-0 9. Be3 Re8 10. Rc1 Bf8 11. Ne4 Nd4 12. Bg5 f6 13. Bd2 Be6 14. Nc5 Bxc5 15. Rxc5 c6 16. Nxd4 exd4 17. Re1 Bd5 18. Bxd5+ Nxd5 19. Qa4 Nc7 20. Qb3+ Ne6 21. e4 dxe3 22. Rxe3 Qd7 23. Rc1 b6 24. Qc4 Rac8 25. Rce1 Kf7 26. Bc3 Qd5 27. Qg4 h5 28. Qe2 c5 29. h4 a5 30. Re4 a4 31. Qf3 b5 32. a3 Red8 33. R1e3 Rc6 34. Re1 Kg8 35. Qe2 Rdd6 36. Re3 Rb6 37. Re4 Qf5 38. Qe3 Kh7 39. Kh2 Rbc6 40. Re2 Nc7 41. Re1 Ne6 42. Re2 1/2-1/2

[Event "LSS No Engine Cup 32 Final"]
[Site "LSS email"]
[Date "2011.09.12"]
[Round "?"]
[White "Schindler, Sven"]
[Black "Mostowik, Pawel"]
[Result "1-0"]
[WhiteElo "2333"]
[BlackElo "1960"]
[PlyCount "75"]
[EventDate "2011.09.13"]
[EventType "tourn (corr)"]
[EventRounds "6"]
[EventCountry "GER"]
[SourceTitle "Telechess CBM 155"]
[Source "ChessBase"]
[SourceDate "2013.07.16"]
[SourceVersion "1"]
[SourceVersionDate "2013.07.16"]
[SourceQuality "1"]

1. c4 e5 2. Nc3 Nf6 3. g3 Bb4 4. Bg2 0-0 5. Nf3 Nc6 6. 0-0 Re8 7. Ne1 d6 8. Nc2 Bc5 9. Na4 Bd4 10. d3 h6 11. e3 Bb6 12. b4 e4 13. Bb2 Bf5 14. Bxf6 Qxf6 15. d4 a6 16. Nc3 Qg6 17. Nd5 Ne7 18. Nf4 Qh7 19. a4 c6 20. d5 cxd5 21. Nxd5 Bd8 22. Nxe7+ Bxe7 23. Qd5 Rab8 24. Nd4 Bg6 25. b5 Bf8 26. bxa6 bxa6 27. Nc6 Rb7 28. Rab1 Rc7 29. Bh3 Kh8 30. Rb8 Rxb8 31. Nxb8 f5 32. Nxa6 Ra7 33. Rb1 Qg8 34. Qc6 Qf7 35. Rb8 Kh7 36. Qb6 Bh5 37. Rxf8 Qxf8 38. Qxa7 1-0